2023 AFL Retirees - Statistics

General Stats
  • This quiz has been taken 87 times
    71 since last reset
  • The average score is 9 of 36
Answer Stats
Club/s Answer % Correct
HAW/GEE Isaac Smith
54%
RIC Trent Cotchin
54%
HAW/SYD Lance Franklin
47%
RIC Jack Riewoldt
46%
WCE Luke Shuey
40%
COLL/ADE Paul Seedsman
40%
WCE Shannon Hurn
40%
GC/STK/WCE/SYD Tom Hickey
39%
BRIS Daniel Rich
35%
WCE Nic Naitanui
35%
CAR Ed Curnow
30%
NM Jack Ziebell
28%
WCE/PA Scott Lycett
28%
NM Ben Cunnington
26%
GEE/BRIS Nakia Cockatoo
26%
ADE/GWS Phil Davis
26%
GWS/CAR/ESS Andrew Phillips
25%
HAW/GEE Jonathon Ceglar
25%
WB/BRIS Marcus Adams
21%
RIC Jason Castagna
19%
GWS/CAR Lachie Plowman
19%
ESS/MEL Michael Hibberd
19%
NM/RIC Robbie Tarrant
19%
COLL/HAW Max Lynch
18%
STK/SYD Paddy McCartin
18%
ESS Anthony McDonald-Tipungwuti
16%
GWS/STK/WB Josh Bruce
14%
GCS/NM Aaron Hall
12%
PA Tom Jonas
12%
HAW/NM Daniel Howe
11%
FRE/WB Hayden Crozier
11%
GWS Daniel Lloyd
9%
NM/GCS Jed Anderson
9%
GEE/GCS Charlie Constable
7%
STK/MEL Luke Dunstan
7%
FRE/GCS Connor Blakely
5%
No matching quizzes found
Score Distribution
Percent of People with Each Score
Percentile by Number Answered
Your Score History
You have not taken this quiz since the last reset